[Event "GBR-ch105 Major Open"]
[Site "Hull"]
[Date "2018.08.01"]
[Round "5"]
[White "Easwar, Dhruv"]
[Black "Anilkumar, Anantha P"]
[Result "1/2-1/2"]
[WhiteElo "1793"]
[BlackElo "1903"]
[PlyCount "58"]
[EventDate "2018.07.28"]
[EventType "swiss"]
[EventRounds "9"]
[EventCountry "GBR"]
[SourceTitle "CBM 185 Extra"]
[Source "ChessBase"]
[SourceDate "2018.06.29"]
[SourceVersion "1"]
[SourceVersionDate "2018.06.29"]
[SourceQuality "1"]

1. e4 c5 2. c3 d5 3. exd5 Qxd5 4. d4 Nf6 5. Nf3 Bg4 6. Be2 e6 7. h3 Bh5 8. O-O
Nc6 9. Be3 cxd4 10. cxd4 Be7 11. Nc3 Qd6 12. Qb3 O-O 13. Rfd1 Rfd8 14. a3 a6
15. Rd2 Nd5 16. Nxd5 exd5 17. Rc1 Bg6 18. Rdd1 b5 19. Qc3 Rac8 20. Qd2 Qb8 21.
Bf4 Qb6 22. Ne5 Nxe5 23. Bxe5 Bf5 24. g4 Be6 25. Qf4 Rxc1 26. Rxc1 Rc8 27.
Rxc8+ Bxc8 28. Qc1 Bd7 29. Bd3 Qc6 1/2-1/2

[Event "GBR-ch105 Major Open"]
[Site "Hull"]
[Date "2018.08.01"]
[Round "5"]
[White "Gardiner, Eric D"]
[Black "Evans, Nicholas Thomas"]
[Result "0-1"]
[WhiteElo "1939"]
[BlackElo "1885"]
[PlyCount "106"]
[EventDate "2018.07.28"]
[EventType "swiss"]
[EventRounds "9"]
[EventCountry "GBR"]
[SourceTitle "CBM 185 Extra"]
[Source "ChessBase"]
[SourceDate "2018.06.29"]
[SourceVersion "1"]
[SourceVersionDate "2018.06.29"]
[SourceQuality "1"]

1. e4 e5 2. Nf3 Nc6 3. d4 exd4 4. Nxd4 Nf6 5. Nxc6 bxc6 6. e5 Qe7 7. Qe2 Nd5 8.
c4 Nb6 9. Nc3 Qe6 10. Qe4 d5 11. exd6 Qxe4+ 12. Nxe4 cxd6 13. b3 a5 14. Be3 d5
15. Bxb6 dxe4 16. c5 Be6 17. Be2 Be7 18. O-O O-O 19. Rfd1 Bf6 20. Rab1 a4 21.
Bc4 axb3 22. Bxb3 Be5 23. Bxe6 fxe6 24. Rd2 Bc3 25. Rc2 Bd4 26. Re1 Ra4 27. g3
Rfa8 28. Ree2 e5 29. Kg2 Kf7 30. Rxe4 Rxa2 31. Rce2 Rxe2 32. Rxe2 Ke6 33. f4
Kd5 34. fxe5 Bxe5 35. Rd2+ Bd4 36. Rc2 Ra3 37. Re2 Re3 38. Rf2 Re4 39. Rf7 h5
40. Rf5+ Re5 41. Rxe5+ Kxe5 42. Kf3 Kd5 43. g4 Bxc5 44. Bd8 hxg4+ 45. Kxg4 Bd4
46. Kf5 c5 47. h4 c4 48. Bg5 Bf6 49. Bxf6 gxf6 50. h5 c3 51. h6 c2 52. h7 c1=Q
53. h8=Q Qg5# 0-1

[Event "GBR-ch105 Major Open"]
[Site "Hull"]
[Date "2018.08.01"]
[Round "5"]
[White "Garnett, John S"]
[Black "Johnson, Paul A"]
[Result "1-0"]
[WhiteElo "1916"]
[BlackElo "1842"]
[PlyCount "111"]
[EventDate "2018.07.28"]
[EventType "swiss"]
[EventRounds "9"]
[EventCountry "GBR"]
[SourceTitle "CBM 185 Extra"]
[Source "ChessBase"]
[SourceDate "2018.06.29"]
[SourceVersion "1"]
[SourceVersionDate "2018.06.29"]
[SourceQuality "1"]

1. c4 e5 2. g3 Nf6 3. Bg2 Nc6 4. Nc3 Bb4 5. Nd5 Bc5 6. e3 h6 7. Ne2 Nxd5 8.
cxd5 Ne7 9. O-O O-O 10. d4 exd4 11. Nxd4 d6 12. b3 Nf5 13. Nxf5 Bxf5 14. Bb2 f6
15. Rc1 Qd7 16. Qd2 Rae8 17. b4 Bb6 18. Bd4 Qb5 19. a4 Qxa4 20. Bxb6 cxb6 21.
Ra1 Qb5 22. Rxa7 Re7 23. Rc1 Qd3 24. Qxd3 Bxd3 25. Ra3 Be4 26. Rac3 Bxg2 27.
Kxg2 Rff7 28. Rc8+ Kh7 29. Rd8 Rd7 30. Rxd7 Rxd7 31. e4 Kg6 32. f4 f5 33. exf5+
Kxf5 34. Kf3 Re7 35. Rc3 Kf6 36. g4 g6 37. Re3 Rd7 38. Re6+ Kf7 39. Ke4 Rd8 40.
f5 gxf5+ 41. Kxf5 h5 42. gxh5 Rd7 43. h6 Kg8 44. Kg6 Rd8 45. h7+ Kh8 46. b5 Rf8
47. Rxd6 Re8 48. Rxb6 Rd8 49. d6 Rd7 50. Kf6 Rxh7 51. Ke6 Rh6+ 52. Kd7 Rxh2 53.
Rxb7 Kg7 54. Kc8+ Kf6 55. d7 Rc2+ 56. Rc7 1-0

[Event "GBR-ch105 Major Open"]
[Site "Hull"]
[Date "2018.08.01"]
[Round "5"]
[White "Holton, Jake"]
[Black "Boswell, Jacob Connor"]
[Result "1-0"]
[WhiteElo "1901"]
[BlackElo "1992"]
[PlyCount "81"]
[EventDate "2018.07.28"]
[EventType "swiss"]
[EventRounds "9"]
[EventCountry "GBR"]
[SourceTitle "CBM 185 Extra"]
[Source "ChessBase"]
[SourceDate "2018.06.29"]
[SourceVersion "1"]
[SourceVersionDate "2018.06.29"]
[SourceQuality "1"]

1. d4 Nf6 2. c4 e6 3. Nf3 d5 4. Nc3 dxc4 5. Bg5 Bb4 6. e4 b5 7. a4 c6 8. e5 h6
9. exf6 hxg5 10. fxg7 Rg8 11. Ne5 Rxg7 12. Be2 Bb7 13. O-O Bxc3 14. bxc3 Nd7
15. Bf3 Qc7 16. Qe2 a6 17. Rab1 Nxe5 18. dxe5 O-O-O 19. Rfd1 Rxd1+ 20. Rxd1 Rg8
21. Rd6 Rd8 22. Qd2 f6 23. Rxd8+ Qxd8 24. Qxd8+ Kxd8 25. axb5 axb5 26. exf6 Ke8
27. Kf1 Kf7 28. Ke2 Kxf6 29. Ke3 Ke5 30. Be4 Kd6 31. f4 gxf4+ 32. Kxf4 Bc8 33.
h4 c5 34. h5 Ke7 35. Ke5 b4 36. h6 Kf7 37. g4 bxc3 38. g5 Bb7 39. Bc2 Kg8 40.
g6 Bf3 41. Kf6 1-0

[Event "GBR-ch105 Major Open"]
[Site "Hull"]
[Date "2018.08.01"]
[Round "5"]
[White "Hubbard, Michael"]
[Black "Cocks, Elliot"]
[Result "1-0"]
[WhiteElo "1888"]
[BlackElo "1985"]
[PlyCount "113"]
[EventDate "2018.07.28"]
[EventType "swiss"]
[EventRounds "9"]
[EventCountry "GBR"]
[SourceTitle "CBM 185 Extra"]
[Source "ChessBase"]
[SourceDate "2018.06.29"]
[SourceVersion "1"]
[SourceVersionDate "2018.06.29"]
[SourceQuality "1"]

1. e4 c5 2. Nf3 e6 3. d3 Nc6 4. g3 Nf6 5. Bg2 Be7 6. O-O O-O 7. Nbd2 d6 8. Re1
e5 9. a4 Re8 10. Nc4 Bf8 11. c3 Rb8 12. Bd2 b6 13. Qc2 a6 14. Ne3 b5 15. axb5
axb5 16. b4 cxb4 17. cxb4 Bb7 18. Qb3 Qd7 19. Rec1 Ra8 20. h4 Nd4 21. Nxd4 exd4
22. Nc2 d5 23. e5 Ng4 24. Bh3 Qf5 25. Bf4 Qh5 26. Nxd4 Nxe5 27. Bg2 Qg6 28.
Rxa8 Bxa8 29. Re1 Qf6 30. Re3 Ng4 31. Rxe8 Qxd4 32. Qc2 Bc6 33. Rd8 Qxb4 34.
Bd6 Qe1+ 35. Bf1 Be8 36. Qe2 Qxe2 37. Bxe2 Nf6 38. Be5 Bc6 39. d4 Ne4 40. f3
Nf6 41. Bd6 Ne8 42. Bxf8 Kxf8 43. Rb8 Ke7 44. Bxb5 Bxb5 45. Rxb5 Ke6 46. Kf2
Nd6 47. Rb6 Ke7 48. g4 h5 49. Kg3 hxg4 50. fxg4 f6 51. Kf4 Ke6 52. g5 fxg5+ 53.
Kxg5 Ke7 54. Rxd6 Kxd6 55. Kg6 Kc6 56. Kxg7 Kb5 57. Kf6 1-0

[Event "GBR-ch105 Major Open"]
[Site "Hull"]
[Date "2018.08.01"]
[Round "5"]
[White "Jamroz, Viktor"]
[Black "Rushbrooke, Remy"]
[Result "1/2-1/2"]
[WhiteElo "1719"]
[BlackElo "1889"]
[PlyCount "88"]
[EventDate "2018.07.28"]
[EventType "swiss"]
[EventRounds "9"]
[EventCountry "GBR"]
[SourceTitle "CBM 185 Extra"]
[Source "ChessBase"]
[SourceDate "2018.06.29"]
[SourceVersion "1"]
[SourceVersionDate "2018.06.29"]
[SourceQuality "1"]

1. e4 e5 2. Nf3 Nf6 3. d4 Nxe4 4. Bd3 d5 5. Nxe5 Nd7 6. Nxd7 Bxd7 7. O-O Bd6 8.
c4 c6 9. Nc3 Nxc3 10. bxc3 O-O 11. cxd5 cxd5 12. Qh5 f5 13. Qf3 Kh8 14. Bf4
Bxf4 15. Qxf4 Rc8 16. Qd2 Qa5 17. Rac1 Rf6 18. Rfe1 Qa3 19. Re5 Qd6 20. Rce1 g6
21. Re7 Rcf8 22. R1e5 R8f7 23. Rxf7 Rxf7 24. Qb2 Bc6 25. Qb4 Rd7 26. f4 Kg7 27.
Kf2 Kf6 28. g3 Kf7 29. a3 Qxb4 30. cxb4 b5 31. Ke3 a5 32. Kd2 axb4 33. axb4 Ra7
34. Re2 Ra2+ 35. Kc3 Ra3+ 36. Kc2 Ra2+ 37. Kb3 Rxe2 38. Bxe2 Kf6 39. Kc3 h6 40.
Kd2 h5 41. Ke3 Ke6 42. h3 Kf6 43. g4 h4 44. gxf5 gxf5 1/2-1/2

[Event "GBR-ch105 Major Open"]
[Site "Hull"]
[Date "2018.08.01"]
[Round "5"]
[White "Jones, Steven"]
[Black "Whitehead, Mark A"]
[Result "0-1"]
[WhiteElo "2203"]
[BlackElo "1906"]
[PlyCount "88"]
[EventDate "2018.07.28"]
[EventType "swiss"]
[EventRounds "9"]
[EventCountry "GBR"]
[SourceTitle "CBM 185 Extra"]
[Source "ChessBase"]
[SourceDate "2018.06.29"]
[SourceVersion "1"]
[SourceVersionDate "2018.06.29"]
[SourceQuality "1"]

1. e4 c5 2. Nf3 e6 3. d4 cxd4 4. Nxd4 a6 5. Nc3 Qc7 6. Bd3 Bc5 7. Nb3 Be7 8. f4
d6 9. Qe2 Nd7 10. Bd2 Ngf6 11. g4 Nc5 12. g5 Nfd7 13. Nxc5 Nxc5 14. h4 b5 15.
b4 Nxd3+ 16. cxd3 Bb7 17. Rc1 Rc8 18. O-O Qd7 19. f5 e5 20. Qf3 Bd8 21. Be3 f6
22. Rf2 a5 23. gxf6 Bxf6 24. bxa5 b4 25. Qh5+ Ke7 26. a6 Rxc3 27. axb7 Qxb7 28.
Rd1 Qb5 29. Rfd2 Qe8 30. Qg4 Qf7 31. Rb2 b3 32. axb3 Rxb3 33. Rc2 Rd8 34. Bg5
Kf8 35. Bxf6 gxf6 36. d4 exd4 37. Rxd4 Qa7 38. Rcd2 Rb4 39. Qd1 Rdb8 40. Kh2
Rxd4 41. Rxd4 Rb2+ 42. Kh3 Qa2 43. Kg4 Rg2+ 44. Kh5 Qf7+ 0-1

[Event "GBR-ch105 Major Open"]
[Site "Hull"]
[Date "2018.08.01"]
[Round "5"]
[White "Karia, Rishul"]
[Black "Kirupakaran, Vishnu"]
[Result "1-0"]
[WhiteElo "1836"]
[BlackElo "1812"]
[PlyCount "59"]
[EventDate "2018.07.28"]
[EventType "swiss"]
[EventRounds "9"]
[EventCountry "GBR"]
[SourceTitle "CBM 185 Extra"]
[Source "ChessBase"]
[SourceDate "2018.06.29"]
[SourceVersion "1"]
[SourceVersionDate "2018.06.29"]
[SourceQuality "1"]

1. e4 c5 2. Nc3 d6 3. Bc4 g6 4. f4 Bg7 5. Nf3 Nc6 6. O-O e6 7. d3 Nge7 8. h3
O-O 9. a3 d5 10. Ba2 b6 11. e5 Nf5 12. Qe1 Bb7 13. g4 Nfd4 14. Nxd4 Nxd4 15.
Qf2 f6 16. exf6 Bxf6 17. Qg2 Kh8 18. g5 Bg7 19. h4 Nf5 20. Qh3 e5 21. h5 gxh5
22. fxe5 Nd4 23. Bd2 Bxe5 24. Qxh5 Qe8 25. Rxf8+ Qxf8 26. Rf1 Qxf1+ 27. Kxf1
Rf8+ 28. Kg2 Bc8 29. g6 Rf2+ 30. Kxf2 1-0

[Event "GBR-ch105 Major Open"]
[Site "Hull"]
[Date "2018.08.01"]
[Round "5"]
[White "McCarthy, Damian"]
[Black "Cusick, Peter W"]
[Result "1/2-1/2"]
[WhiteElo "1867"]
[BlackElo "1947"]
[PlyCount "36"]
[EventDate "2018.07.28"]
[EventType "swiss"]
[EventRounds "9"]
[EventCountry "GBR"]
[SourceTitle "CBM 185 Extra"]
[Source "ChessBase"]
[SourceDate "2018.06.29"]
[SourceVersion "1"]
[SourceVersionDate "2018.06.29"]
[SourceQuality "1"]

1. d4 Nf6 2. c4 e6 3. Nc3 Bb4 4. e3 b6 5. Nge2 Ba6 6. a3 Be7 7. Nf4 d5 8. cxd5
Bxf1 9. Kxf1 exd5 10. Qf3 c6 11. g3 O-O 12. Kg2 Re8 13. Rd1 Bd6 14. Bd2 Nbd7
15. Be1 Rc8 16. Rac1 Ne4 17. Nxe4 Rxe4 18. Ne2 Nf6 1/2-1/2

[Event "GBR-ch105 Major Open"]
[Site "Hull"]
[Date "2018.08.01"]
[Round "5"]
[White "Metcalfe, Charles P"]
[Black "Cawston, M John"]
[Result "1-0"]
[WhiteElo "1762"]
[BlackElo "1871"]
[PlyCount "43"]
[EventDate "2018.07.28"]
[EventType "swiss"]
[EventRounds "9"]
[EventCountry "GBR"]
[SourceTitle "CBM 185 Extra"]
[Source "ChessBase"]
[SourceDate "2018.06.29"]
[SourceVersion "1"]
[SourceVersionDate "2018.06.29"]
[SourceQuality "1"]

1. d4 Nf6 2. Nf3 e6 3. c4 Nc6 4. Nc3 Bb4 5. Bg5 d6 6. e4 h6 7. Bxf6 Qxf6 8. Rc1
O-O 9. Be2 e5 10. O-O Bg4 11. Nd5 Qd8 12. a3 Ba5 13. b4 Bb6 14. c5 Bxf3 15.
Bxf3 Nxd4 16. cxb6 cxb6 17. Rc7 Rb8 18. Qa4 a6 19. Bg4 Qg5 20. Qd1 Qd8 21. Rd7
Qc8 22. Ne7+ 1-0

[Event "GBR-ch105 Major Open"]
[Site "Hull"]
[Date "2018.08.01"]
[Round "5"]
[White "Modi, Kishan Jagdish"]
[Black "Jayawarna, Nugith"]
[Result "1/2-1/2"]
[WhiteElo "1938"]
[BlackElo "2013"]
[PlyCount "31"]
[EventDate "2018.07.28"]
[EventType "swiss"]
[EventRounds "9"]
[EventCountry "GBR"]
[SourceTitle "CBM 185 Extra"]
[Source "ChessBase"]
[SourceDate "2018.06.29"]
[SourceVersion "1"]
[SourceVersionDate "2018.06.29"]
[SourceQuality "1"]

1. e4 c5 2. Nf3 e6 3. d4 cxd4 4. Nxd4 Nc6 5. Nc3 Qc7 6. g4 Bb4 7. Bg2 Nge7 8.
Nxc6 bxc6 9. O-O Ba6 10. Ne2 Ng6 11. Be3 O-O 12. c3 Bd6 13. h3 Nf4 14. Bxf4
Bxf4 15. Re1 Bh2+ 16. Kh1 1/2-1/2

[Event "GBR-ch105 Major Open"]
[Site "Hull"]
[Date "2018.08.01"]
[Round "5"]
[White "Modi, Shyam Jagdish"]
[Black "Camp, Imogen AL"]
[Result "1-0"]
[WhiteElo "1973"]
[BlackElo "1874"]
[PlyCount "97"]
[EventDate "2018.07.28"]
[EventType "swiss"]
[EventRounds "9"]
[EventCountry "GBR"]
[SourceTitle "CBM 185 Extra"]
[Source "ChessBase"]
[SourceDate "2018.06.29"]
[SourceVersion "1"]
[SourceVersionDate "2018.06.29"]
[SourceQuality "1"]

1. d4 d5 2. c4 e6 3. Nf3 Nf6 4. g3 dxc4 5. Bg2 Nbd7 6. Qa4 a6 7. Qxc4 b5 8. Qc2
Bb7 9. O-O c5 10. dxc5 Bxc5 11. b3 O-O 12. Bb2 Qb6 13. e3 Rac8 14. Qe2 Rfd8 15.
Nc3 Ne4 16. Nxe4 Bxe4 17. Ng5 Bg6 18. h4 Nf6 19. Bxf6 gxf6 20. Ne4 Bxe4 21.
Bxe4 f5 22. Bg2 Be7 23. Rac1 Rxc1 24. Rxc1 Qa5 25. Rc2 Qb4 26. e4 fxe4 27. Bxe4
Qd4 28. Kg2 Qd1 29. Qe3 Qd4 30. Qf3 Qf6 31. Qh5 Qg7 32. Rc7 Bf8 33. Bxh7+ Qxh7
34. Qg5+ Qg6 35. Qxd8 Qe4+ 36. Kh2 Qe2 37. Qg5+ Bg7 38. Qf4 f6 39. Qe3 Qg4 40.
f3 Qf5 41. Qe4 Qh5 42. Qxe6+ Kh8 43. Rc8+ Kh7 44. Qg8+ Kh6 45. Rc7 Qg6 46.
Qxg7+ Qxg7 47. Rxg7 Kxg7 48. g4 Kg6 49. Kg3 1-0

[Event "GBR-ch105 Major Open"]
[Site "Hull"]
[Date "2018.08.01"]
[Round "5"]
[White "Nayak, Raghav"]
[Black "Brown, Tom"]
[Result "1/2-1/2"]
[WhiteElo "1901"]
[BlackElo "1781"]
[PlyCount "144"]
[EventDate "2018.07.28"]
[EventType "swiss"]
[EventRounds "9"]
[EventCountry "GBR"]
[SourceTitle "CBM 185 Extra"]
[Source "ChessBase"]
[SourceDate "2018.06.29"]
[SourceVersion "1"]
[SourceVersionDate "2018.06.29"]
[SourceQuality "1"]

1. e4 c6 2. Nc3 d5 3. d4 dxe4 4. Nxe4 Nd7 5. Nf3 Ngf6 6. Nxf6+ Nxf6 7. Bc4 Bf5
8. O-O e6 9. h3 h6 10. Re1 Bd6 11. Ne5 O-O 12. c3 Qc7 13. Qf3 Nd7 14. Bf4 Nxe5
15. Bxe5 Bxe5 16. Rxe5 Rad8 17. Rae1 Bg6 18. Qg4 Bf5 19. Qh4 Rd7 20. Kh1 Qd8
21. Qf4 Bg6 22. Qg3 Bf5 23. a3 Kh7 24. Qf3 Bg6 25. g4 Qh4 26. Kg2 Rdd8 27. Qg3
Qxg3+ 28. Kxg3 Rd7 29. f4 Kg8 30. f5 exf5 31. gxf5 Bh5 32. Re7 Rfd8 33. Kh4 Bf3
34. Bxf7+ Kf8 35. Rxd7 Rxd7 36. Bh5 Bxh5 37. Kxh5 Kf7 38. Re6 Rd5 39. Kg4 Rb5
40. b4 Rd5 41. Kf4 Rd7 42. Ke4 Rd8 43. a4 Rd7 44. c4 Rd8 45. b5 cxb5 46. axb5
Ra8 47. c5 a5 48. bxa6 bxa6 49. c6 a5 50. c7 a4 51. Ra6 Rc8 52. Rxa4 Rxc7 53.
Ra3 Re7+ 54. Kd5 Kf6 55. Rf3 Ra7 56. Kc6 Ra6+ 57. Kb5 Rd6 58. Kc5 Rd8 59. d5
Ke5 60. Re3+ Kxf5 61. d6 g5 62. Kc6 Kf4 63. Ra3 h5 64. d7 g4 65. Kc7 Rxd7+ 66.
Kxd7 g3 67. Ke6 g2 68. Ra1 Kg3 69. Kf5 Kxh3 70. Kg5 Kh2 71. Kxh5 g1=Q 72. Rxg1
Kxg1 1/2-1/2

[Event "GBR-ch105 Major Open"]
[Site "Hull"]
[Date "2018.08.01"]
[Round "5"]
[White "Nelson, Omowale"]
[Black "Lovell, William PM"]
[Result "1-0"]
[WhiteElo "1966"]
[BlackElo "1754"]
[PlyCount "107"]
[EventDate "2018.07.28"]
[EventType "swiss"]
[EventRounds "9"]
[EventCountry "GBR"]
[SourceTitle "CBM 185 Extra"]
[Source "ChessBase"]
[SourceDate "2018.06.29"]
[SourceVersion "1"]
[SourceVersionDate "2018.06.29"]
[SourceQuality "1"]

1. d4 d5 2. c4 dxc4 3. Nf3 Nf6 4. e3 e6 5. Bxc4 a6 6. O-O b5 7. Bb3 Bb7 8. a4
b4 9. Nbd2 Nbd7 10. a5 c5 11. Nc4 Ne4 12. Ba4 Nef6 13. Nfe5 Qc7 14. Nb6 Rd8 15.
Nexd7 Nxd7 16. Nxd7 Rxd7 17. Bxd7+ Qxd7 18. dxc5 Bxc5 19. Qxd7+ Kxd7 20. Rd1+
Ke7 21. Bd2 Bd5 22. Rdc1 Bd6 23. f3 Kd7 24. e4 Bc6 25. Be3 Rb8 26. Rd1 Ke7 27.
Rac1 Ba4 28. Rd2 Rb5 29. Rc6 Bxh2+ 30. Kf2 Rxa5 31. Rb6 Be5 32. f4 Bc3 33. Rb7+
Ke8 34. bxc3 bxc3 35. Ra2 Rb5 36. Rxb5 axb5 37. Ke2 Kd7 38. Kd3 c2 39. Kc3 Kd6
40. Rb2 f6 41. Ra2 e5 42. f5 g6 43. g4 gxf5 44. gxf5 Ke7 45. Kb4 Kf7 46. Ra1
Kg7 47. Rg1+ Kf7 48. Bc1 Kf8 49. Rh1 Kg7 50. Rh6 Kf7 51. Rxh7+ Kg8 52. Rb7 Kf8
53. Kc5 Kg8 54. Kd6 1-0

[Event "GBR-ch105 Major Open"]
[Site "Hull"]
[Date "2018.08.01"]
[Round "5"]
[White "Robertson, Jim"]
[Black "Milewska, Agnieszka"]
[Result "0-1"]
[WhiteElo "1604"]
[BlackElo "1778"]
[PlyCount "86"]
[EventDate "2018.07.28"]
[EventType "swiss"]
[EventRounds "9"]
[EventCountry "GBR"]
[SourceTitle "CBM 185 Extra"]
[Source "ChessBase"]
[SourceDate "2018.06.29"]
[SourceVersion "1"]
[SourceVersionDate "2018.06.29"]
[SourceQuality "1"]

1. d4 d5 2. e3 e6 3. Bd3 c5 4. c3 Nc6 5. f4 Nf6 6. Nf3 c4 7. Bc2 b5 8. Nbd2 Bd6
9. O-O O-O 10. Ne5 Bb7 11. Qf3 h6 12. e4 Ne7 13. Ng4 Nxg4 14. Qxg4 dxe4 15. Qe2
f5 16. a4 a6 17. b3 cxb3 18. Bxb3 Nd5 19. Nb1 bxa4 20. Rxa4 Qc7 21. g3 Rf6 22.
c4 Nb6 23. Ra1 Bb4 24. Bd2 Bxd2 25. Nxd2 Rd8 26. c5 Nd5 27. Nc4 Nb4 28. Nd6
Rxd6 29. cxd6 Qxd6 30. Qe3 Nd3 31. Rfb1 Qc6 32. Ra5 Kh7 33. d5 exd5 34. Bxd5
Qc3 35. Rxb7 Qxa5 36. Qa7 Qe1+ 37. Kg2 Qe2+ 38. Kg1 Qe1+ 39. Kg2 Nxf4+ 40. gxf4
Rg6+ 41. Kh3 Qf1+ 42. Kh4 Rg4+ 43. Kh5 Qh3# 0-1

[Event "GBR-ch105 Major Open"]
[Site "Hull"]
[Date "2018.08.01"]
[Round "5"]
[White "Rocco, Federico"]
[Black "Cooper, John G ENG"]
[Result "1-0"]
[WhiteElo "2140"]
[BlackElo "2192"]
[PlyCount "65"]
[EventDate "2018.07.28"]
[EventType "swiss"]
[EventRounds "9"]
[EventCountry "GBR"]
[SourceTitle "CBM 185 Extra"]
[Source "ChessBase"]
[SourceDate "2018.06.29"]
[SourceVersion "1"]
[SourceVersionDate "2018.06.29"]
[SourceQuality "1"]

1. e4 c5 2. Nf3 Nc6 3. Bb5 g6 4. Bxc6 bxc6 5. O-O Bg7 6. Re1 Qc7 7. c3 Nf6 8.
d3 Rb8 9. Nbd2 d6 10. e5 dxe5 11. Nxe5 O-O 12. Nb3 Ne4 13. f4 f6 14. Nf3 c4 15.
Rxe4 cxb3 16. axb3 e5 17. Be3 a5 18. Rea4 Be6 19. Rxa5 Rxb3 20. fxe5 Rxb2 21.
Ra7 Qb8 22. Bc1 Rb3 23. Nd4 Qb6 24. Kh1 Bd5 25. Nxb3 Qf2 26. Qg1 Qxg1+ 27. Kxg1
Bxb3 28. Rb7 Bf7 29. Raa7 fxe5 30. Ba3 Bh6 31. Bxf8 Be3+ 32. Kf1 Bxa7 33. Bh6
1-0

[Event "GBR-ch105 Major Open"]
[Site "Hull"]
[Date "2018.08.01"]
[Round "5"]
[White "Royal, Shreyas"]
[Black "Starley, Robert"]
[Result "1-0"]
[WhiteElo "1927"]
[BlackElo "2107"]
[PlyCount "135"]
[EventDate "2018.07.28"]
[EventType "swiss"]
[EventRounds "9"]
[EventCountry "GBR"]
[SourceTitle "CBM 185 Extra"]
[Source "ChessBase"]
[SourceDate "2018.06.29"]
[SourceVersion "1"]
[SourceVersionDate "2018.06.29"]
[SourceQuality "1"]

1. d4 Nf6 2. c4 e6 3. g3 d5 4. Bg2 b6 5. cxd5 exd5 6. Nf3 Bb7 7. O-O Be7 8. Nc3
O-O 9. Bf4 Nh5 10. Be3 c5 11. Rc1 c4 12. Ne5 Nf6 13. Nxc4 Nc6 14. Ne5 Rc8 15.
Bg5 Nxe5 16. dxe5 Ne4 17. Nxe4 Rxc1 18. Qxc1 dxe4 19. Bxe7 Qxe7 20. Qf4 Qb4 21.
b3 h6 22. Rc1 Rd8 23. e6 fxe6 24. Rc7 Qe1+ 25. Bf1 Rf8 26. Qe3 Bc8 27. Rxa7 e5
28. Rc7 Bf5 29. Qc3 Qxc3 30. Rxc3 Rd8 31. f3 exf3 32. Rxf3 Be4 33. Re3 Rd4 34.
Bg2 Bxg2 35. Kxg2 Rd5 36. Kf3 Kf7 37. Rc3 b5 38. b4 Rd2 39. a3 Ra2 40. h4 h5
41. e3 Ke6 42. Ke4 Kd6 43. Kf5 Rf2+ 44. Ke4 Rg2 45. Kf3 Ra2 46. Rc5 Rxa3 47.
Rxb5 Rb3 48. Rb8 Kd5 49. b5 g6 50. b6 Kc5 51. b7 Kc6 52. Rg8 Rxb7 53. Rxg6+ Kd5
54. e4+ Kd4 55. Rd6+ Kc4 56. Rd5 Re7 57. g4 Rf7+ 58. Kg3 Rf4 59. gxh5 Rxe4 60.
h6 Re3+ 61. Kg4 Ra3 62. Rxe5 Ra7 63. Rh5 Rh7 64. Kg5 Kd4 65. Kg6 Re7 66. h7 Ke4
67. h8=Q Kf3 68. Qf6+ 1-0

[Event "GBR-ch105 Major Open"]
[Site "Hull"]
[Date "2018.08.01"]
[Round "5"]
[White "Sheppard, Derek Alan"]
[Black "Akeya Price, Robert A"]
[Result "0-1"]
[WhiteElo "1747"]
[BlackElo "1820"]
[PlyCount "68"]
[EventDate "2018.07.28"]
[EventType "swiss"]
[EventRounds "9"]
[EventCountry "GBR"]
[SourceTitle "CBM 185 Extra"]
[Source "ChessBase"]
[SourceDate "2018.06.29"]
[SourceVersion "1"]
[SourceVersionDate "2018.06.29"]
[SourceQuality "1"]

1. c4 Nf6 2. Nf3 e6 3. g3 b6 4. Bg2 Bb7 5. O-O d5 6. cxd5 exd5 7. d4 c5 8. Nc3
Nc6 9. Bg5 Be7 10. e3 Ne4 11. Bxe7 Nxc3 12. Bxd8 Nxd1 13. Rfxd1 Rxd8 14. Rac1
c4 15. b3 b5 16. Kf1 O-O 17. Ne1 a5 18. bxc4 dxc4 19. d5 Nb4 20. e4 Nxa2 21.
Ra1 Nc3 22. Rdc1 Na4 23. f3 Ra8 24. f4 Nc5 25. Rab1 b4 26. e5 Nb3 27. Rd1 a4
28. Nc2 a3 29. Na1 Nxa1 30. Rxa1 b3 31. d6 Bxg2+ 32. Kxg2 b2 33. Ra2 c3 34. d7
c2 0-1

[Event "GBR-ch105 Major Open"]
[Site "Hull"]
[Date "2018.08.01"]
[Round "5"]
[White "Sivarajasingam, Shayanna"]
[Black "Hussain, Adam"]
[Result "1-0"]
[WhiteElo "1780"]
[BlackElo "1557"]
[PlyCount "62"]
[EventDate "2018.07.28"]
[EventType "swiss"]
[EventRounds "9"]
[EventCountry "GBR"]
[SourceTitle "CBM 185 Extra"]
[Source "ChessBase"]
[SourceDate "2018.06.29"]
[SourceVersion "1"]
[SourceVersionDate "2018.06.29"]
[SourceQuality "1"]

1. e4 b6 2. d4 Bb7 3. Bd3 e6 4. Nf3 c5 5. c3 Nf6 6. Qe2 Be7 7. O-O Qc7 8. a3 d6
9. h3 h6 10. Re1 Nbd7 11. e5 Ng8 12. Bf4 g5 13. exd6 Bxd6 14. Bxd6 Qxd6 15. Be4
Bxe4 16. Qxe4 O-O-O 17. Qa8+ Qb8 18. Qxb8+ Kxb8 19. dxc5 Nxc5 20. Ne5 Rf8 21.
b4 Na6 22. Nd7+ Kc7 23. Nxf8 Ne7 24. Nxe6+ fxe6 25. Rxe6 Kd7 26. Re2 Nc7 27. c4
Ne6 28. Nc3 Nf4 29. Rd1+ Ke8 30. Re4 Kf7 31. Rd7 Ke8 1-0

[Event "GBR-ch105 Major Open"]
[Site "Hull"]
[Date "2018.08.01"]
[Round "5"]
[White "Sivarajasingam, Venetia"]
[Black "Janiszewski, Maciej"]
[Result "0-1"]
[WhiteElo "1843"]
[BlackElo "2130"]
[PlyCount "82"]
[EventDate "2018.07.28"]
[EventType "swiss"]
[EventRounds "9"]
[EventCountry "GBR"]
[SourceTitle "CBM 185 Extra"]
[Source "ChessBase"]
[SourceDate "2018.06.29"]
[SourceVersion "1"]
[SourceVersionDate "2018.06.29"]
[SourceQuality "1"]

1. e4 c5 2. Nf3 d6 3. Bb5+ Nd7 4. d4 cxd4 5. Qxd4 a6 6. Bxd7+ Bxd7 7. c4 b5 8.
Nc3 bxc4 9. Qxc4 e6 10. O-O Ne7 11. Bf4 Ng6 12. Bg3 Qb6 13. b3 Be7 14. Rfd1 O-O
15. Qd3 Rfd8 16. Rac1 Rac8 17. Rc2 Bc6 18. Qe2 Ba8 19. Rd3 Qb7 20. Rd1 Bf6 21.
Qe3 Qb4 22. Rdc1 Bxc3 23. Rxc3 Rxc3 24. Rxc3 Qxe4 25. Qxe4 Bxe4 26. Ng5 Bd5 27.
Rc7 e5 28. f3 f5 29. Bf2 h6 30. Nh3 Nf8 31. Rc3 Kf7 32. Bb6 Rb8 33. Be3 Ke6 34.
Kf1 a5 35. Ke2 a4 36. bxa4 Rb2+ 37. Kf1 Rxa2 38. Rc8 Nd7 39. Rg8 Kf7 40. Rd8
Ke7 41. Rg8 Bxg8 0-1